000 00665nam a2200217 a 4500
003 PILC
005 20150812145829.0
008 070921s19uu xx 00 eng d
020 _a9812532390
050 _aHG 4027.5
_b.Sh44 2005
100 _aShapiro, Alan C.
245 _aFoundations of multinational financial management /
_cAlan C. Shapiro.
250 _a5th edition.
260 _aSingapore :
_bJohn Wiley & Sons Asia,
_c2005.
300 _a613 pages :
_billustrations ;
_c24 cm.
500 _aIncludes index and glossary.
650 _aInternational business enterprises
_xFinance.
650 _aDecision making.
942 _cBK
_2lcc
999 _c22605
_d22605